The Elements of New Testament Greek : (Record no. 5981)
[ view plain ]
| 000 -LEADER | |
|---|---|
| fixed length control field | 01204cam a22003132 4500 |
| 001 - CONTROL NUMBER | |
| control field | 0000002707 |
| 005 - DATE AND TIME OF LATEST TRANSACTION | |
| control field | 20151217151903.0 |
| 008 - FIXED-LENGTH DATA ELEMENTS--GENERAL INFORMATION | |
| fixed length control field | 070418s xx 000 0 eng d |
| 020 ## - INTERNATIONAL STANDARD BOOK NUMBER | |
| International Standard Book Number | 0521098424 : |
| Terms of availability | KES 1,900 |
| 040 ## - CATALOGING SOURCE | |
| Original cataloging agency | KABU |
| Transcribing agency | KABU |
| 050 #0 - LIBRARY OF CONGRESS CALL NUMBER | |
| Classification number | PA817 |
| Item number | .W46 1965 |
| 100 1# - MAIN ENTRY--PERSONAL NAME | |
| Personal name | Wenham, John William. |
| -- | 0000161137 |
| 245 14 - TITLE STATEMENT | |
| Title | The Elements of New Testament Greek : |
| Remainder of title | [by] J. W. Wenham. |
| 260 ## - PUBLICATION, DISTRIBUTION, ETC. (IMPRINT) | |
| Place of publication, distribution, etc. | Cambridge : |
| Name of publisher, distributor, etc. | Cambridge University Press, |
| Date of publication, distribution, etc. | 1965. |
| 300 ## - PHYSICAL DESCRIPTION | |
| Extent | xi, 267 p. ; |
| Dimensions | 22 cm. |
| 500 ## - GENERAL NOTE | |
| General note | Based on H.P.V. Nunn's The Elements of New Testament Greek. |
| 500 ## - GENERAL NOTE | |
| General note | Text in Greek and English. |
| 650 #0 - SUBJECT ADDED ENTRY--TOPICAL TERM | |
| Topical term or geographic name as entry element | Greek language, Biblical |
| General subdivision | Grammar. |
| -- | 0000152207 |
| 700 1# - ADDED ENTRY--PERSONAL NAME | |
| Personal name | Nunn, Henry Preston Vaughan. |
| -- | 0000161138 |
| 908 ## - PUT COMMAND PARAMETER (RLIN) | |
| Put command parameter | 070418 |
| 950 ## - LOCAL HOLDINGS (RLIN) | |
| -- | 1 |
| Withdrawn status | Lost status | Source of classification or shelving scheme | Not for loan | Home library | Current library | Date acquired | Total Checkouts | Full call number | Barcode | Date last seen | Date last checked out | Price effective from | Koha item type |
|---|---|---|---|---|---|---|---|---|---|---|---|---|---|
| Library of Congress Classification | Kabarak, Main Campus | Kabarak, Main Campus | 17/12/2015 | 2 | PA817 .W46 1965 | 007926 | 03/11/2022 | 03/11/2022 | 17/12/2015 | General Collection | |||
| Library of Congress Classification | Kabarak, Main Campus | Kabarak, Main Campus | 17/12/2015 | PA817 .W46 1965 | 007927 | 17/12/2015 | 17/12/2015 | General Collection | |||||
| Library of Congress Classification | Kabarak, Main Campus | Kabarak, Main Campus | 17/12/2015 | PA817 .W46 1965 | 007928 | 17/12/2015 | 17/12/2015 | General Collection | |||||
| Library of Congress Classification | Kabarak, Main Campus | Kabarak, Main Campus | 17/12/2015 | 1 | PA817 .W46 1965 | 007929 | 25/10/2019 | 25/01/2016 | 17/12/2015 | General Collection | |||
| Library of Congress Classification | Kabarak, Main Campus | Kabarak, Main Campus | 17/12/2015 | PA817 .W46 1965 | 007930 | 17/12/2015 | 17/12/2015 | General Collection | |||||
| Library of Congress Classification | Kabarak, Main Campus | Kabarak, Main Campus | 17/12/2015 | PA817 .W46 1965 | 007931 | 17/12/2015 | 17/12/2015 | General Collection | |||||
| Library of Congress Classification | Kabarak, Main Campus | Kabarak, Main Campus | 17/12/2015 | PA817 .W46 1965 | 007932 | 17/12/2015 | 17/12/2015 | General Collection | |||||
| Library of Congress Classification | Kabarak, Main Campus | Kabarak, Main Campus | 17/12/2015 | 1 | PA817 .W46 1965 | 007925 | 17/10/2018 | 27/09/2018 | 17/12/2015 | General Collection |